000 00266nam a22001217a 4500
008 171016b xxu||||| |||| 00| 0 eng d
041 _aeng
080 _22 ED
_a33
100 _a52
101 _aECO
245 _aPRINCIPLES ECONOMICS
_cTAYLOR.T
942 _2udc
_cBK
999 _c33987
_d33987